Countries with the highest number of endangered species - Statistics

General Stats
  • This quiz has been taken 146 times
  • The average score is 15 of 20
Answer Stats
Number of Endangered Species Country % Correct
841 China
99%
769 Brazil
98%
1,203 United States of America
98%
687 India
95%
1,126 Indonesia
94%
804 Australia
93%
900 Mexico
92%
407 South Africa
88%
545 Peru
82%
1,166 Malaysia
81%
417 Vietnam
80%
467 Thailand
79%
658 Colombia
77%
581 Madagascar
68%
448 Papua New Guinea
68%
2,211 Ecuador
66%
607 Tanzania
66%
682 Philippines
56%
546 Sri Lanka
44%
534 Cameroon
27%
No matching quizzes found
Score Distribution
Percent of People with Each Score
Percentile by Number Answered
Your Score History
You have not taken this quiz